| 000 | 00527nam a2200169Ia 4500 | ||
|---|---|---|---|
| 003 | GCL | ||
| 008 | 140319s9999 xx 000 0 ara d | ||
| 040 |
_aGCL / _cGCL |
||
| 082 | 0 | 4 |
_a239 _bم س |
| 100 | 1 | _aمحمد محمد زيتون | |
| 245 | 1 | 0 |
_aالسراج المنير من سيرة سيد المرسلين / _cمحمد محمد زيتون |
| 300 | _a230 | ||
| 490 |
_a100 قصة _v0 |
||
| 650 | 0 | 4 | _aالسيرة النبوية |
| 650 | 0 | 4 | _aالرسول محمد صلى الله عليه وسلم |
| 942 |
_2ddc _cBK |
||
| 999 |
_c43414 _d43414 |
||